000 00541nam a2200217Ia 4500
003 OSt
005 20220924134506.0
006 a|||||r|||| 00| 0
007 ta
008 220923b |||||||| |||| 00| 0 snd d
024 _a274198
037 _cTextual
040 _aARTS
_cARTS
_bsnd
041 _2snd
_asnd
082 _aT15:391xL66, 1593F9
100 _aPherwani
_9207396
245 0 _aTaleemi min vidya
260 _c1929
942 _hT15:391xL66, 1593F9
_cTEXL
_2CC
999 _c437447
_d437447